| 000 | 01150nam a2200229 4500 | ||
|---|---|---|---|
| 005 | 20250507102231.0 | ||
| 008 | 250507b |||||||| |||| 00| 0 eng d | ||
| 020 | _a9780141982410 | ||
| 037 | _cTextual | ||
| 040 |
_aRTL _cRTL |
||
| 084 |
_aX:(B28) Q8 _qRTL |
||
| 100 |
_aPearl, Judea _9751745 |
||
| 245 | _aThe book of why: The new science of cause and effect | ||
| 260 |
_aUnited Kingdom _bPenguin random house _c2018 |
||
| 300 | _axi 418 p. | ||
| 520 | _aThe hugely influential book on how the understanding of causality revolutionized science and the world, by the pioneer of artificial intelligence 'Wonderful ... illuminating and fun to read' Daniel Kahneman, Nobel Prize-winner and author of Thinking, Fast and Slow 'Correlation does not imply causation.' For decades, this mantra was invoked by scientists in order to avoid taking positions as to whether one thing caused another, such as smoking and cancer, or carbon dioxide and global warming. | ||
| 650 | _aInference | ||
| 650 | _aCausality | ||
| 650 |
_aCausal revolution _9754879 |
||
| 700 |
_aMackenzie, Dana _eCo-author _9421698 |
||
| 942 |
_2CC _n0 _cTB _hX:(B28) Q8 |
||
| 999 |
_c1312942 _d1312942 |
||